Lý thuyết và bài tập Pascal Dành cho học sinh phổ thông cơ sở
Phần tóm tắt lý thuyết. Câu hỏi trắc nghiệm (có trả lời và giải thích). Ví dụ và bài tập mẫu
Saved in:
| Main Author: | |
|---|---|
| Format: | Book |
| Language: | Vietnamese |
| Published: |
H.
Thống kê
2001
|
| Subjects: | |
| Tags: |
Add Tag
No Tags, Be the first to tag this record!
|
| Institutions: | Mạng thư viện Đại học Đà Nẵng |
|---|
| LEADER | 01407nam a22003978a 4500 | ||
|---|---|---|---|
| 001 | 000009309 | ||
| 003 | 5505 | ||
| 005 | 20111026081020.0 | ||
| 008 | 111026s2001 b 000 0 od | ||
| 020 | |c 42000đ |d 1000b | ||
| 041 | 0 | |a 0106 | |
| 041 | 0 | |a vie | |
| 080 | |a 6T7.3-018.1(075.1) | ||
| 082 | |a 005.13 |b ĐI-L | ||
| 084 | |a F973.2-018z71 |b L600T | ||
| 100 | 1 | |a Đinh Xuân Lâm | |
| 245 | 1 | 0 | |a Lý thuyết và bài tập Pascal |b Dành cho học sinh phổ thông cơ sở |c Tổng hợp và b.s: Đinh Xuân Lâm |
| 260 | |a H. |b Thống kê |c 2001 | ||
| 300 | |a 356tr : hình |c 21cm | ||
| 520 | |a Phần tóm tắt lý thuyết. Câu hỏi trắc nghiệm (có trả lời và giải thích). Ví dụ và bài tập mẫu | ||
| 653 | |a Máy vi tính | ||
| 653 | |a Tin học | ||
| 653 | |a Pascal-ngôn ngữ lập trình | ||
| 653 | |a Bài tập | ||
| 653 | |a Sách hướng dẫn | ||
| 910 | |a Nguyễn Thị Kim Oanh |d 26/10/2011 | ||
| OWN | |a LSP | ||
| AVA | |a UDN50 |b LSP |d 005.13 ĐI-L |e available |t Error 5001 Not defined in file expand_doc_bib_avail. |f 1 |g 0 |h N |i 0 |k 1 | ||
| 999 | |a From the UDN01 | ||
| AVA | |a UDN50 |b LSP |d 005.13 ĐI-L |e available |t Error 5001 Not defined in file expand_doc_bib_avail. |f 1 |g 0 |h N |i 0 |k 1 | ||
| TYP | |a Monograph | ||
| TYP | |a Printed language | ||
| 980 | |a Mạng thư viện Đại học Đà Nẵng | ||